| 000 | 01072nam a2200253 i 4500 | ||
|---|---|---|---|
| 001 | bg | ||
| 100 | 1 | _aPIASEK, Zbigniew | |
| 245 | 1 | 0 |
_aAplikacja teorii hierarchii analitycznej do wyceny gruntów w strefach przybrzeżnych zbiorników retencyjnych : _bteorie, badania symulowane i eksperymentalne / _cZbigniew Piasek, Monika Siejka ; Politechnika Krakowska im. Tadeusza Kościuszki. |
| 260 |
_aKraków : _bPK, _c2003. |
||
| 300 |
_a100 s. ; _c24 cm. |
||
| 490 | 1 | _aMonografia / Politechnika Krakowska im. Tadeusza Kościuszki. Inżynieria Środowiska | |
| 500 | _aISSN i nr serii gł.: 0860-097X ; 292. - Streszcz. ang., niem. | ||
| 504 | _aBibbliogr. | ||
| 650 | 9 |
_aNieruchomości _xwycena _xmetody |
|
| 650 | 9 |
_aGrunt _xwycena _xmetody |
|
| 700 | 1 | _aSIEJKA, Monika | |
| 710 | 0 | _aPolitechnika Krakowska im. Tadeusza Kościuszki | |
| 830 | 0 |
_aMonografia (Politechnika Krakowska im. Tadeusza Kościuszki). _pInżynieria Środowiska |
|
| 040 | _cBPK | ||
| 041 | 0 |
_apol _bgereng |
|
| 080 | _a332.74(28) | ||
| 942 | _cKS | ||
| 008 | s pl f |000 0 pol | ||
| 999 |
_c44393 _d44393 |
||
| 856 |
_uhttp://koha.tu.koszalin.pl/cgi-bin/koha/opac-detail.pl?biblionumber=44393 _yKatalog online BPK |
||